| 000 | 01897nam a2200373 c 4500 | ||
|---|---|---|---|
| 003 | BLK | ||
| 005 | 20231103005319.0 | ||
| 008 | 180413b bul|||||r ||||||| ||bul|| | ||
| 010 | _aKNG00023253000 | ||
| 020 |
_a954-527-078-0 _bиздат.: Дамян Яков |
||
| 040 | _aBLK | ||
| 041 |
_aBUL _cBUL |
||
| 080 |
_aАмериканска литература (на САЩ) _b821.111(73) _x-322.9 _z821.111(73)-322.9 |
||
| 100 | 1 |
_aБредбъри, Рей Дъглас _eпърви автор _9364486 |
|
| 700 | 1 |
_aНивън, Лари _gНивън, Лауренс Ван Кот _9365600 |
|
| 700 | 1 |
_aКард, Орсън Скот _977025 |
|
| 700 | 1 |
_aНортън, Андре _gНортън, Алиса Мери _9265308 |
|
| 700 | 1 |
_aКостов, Камен _eпрев. от англ. _9265309 |
|
| 700 |
_aЗелазни, Роджър _qЗелазни, Роджър Джоузеф Кристофър _d1937-1995 _9242836 |
||
| 139 |
_aМагьоснически свят _bМ 13 |
||
| 245 | 1 | 0 |
_aМагьоснически свят _bРазкази и новели _cРей Дъглас Бредбъри; Лари Нивън; Орсън Скот Кард; Андре Нортън; Роджър Зелазни; прев. от англ. Камен Костов. |
| 257 | _aUSA | ||
| 260 |
_аСофия _bДамян Яков _c1998 _fВ. Търново : Абагар |
||
| 300 |
_a480 с. _c22 см |
||
| 380 | _aX | ||
| 490 | 1 |
_aФантастика фентъзи _v1 |
|
| 500 | _aДруги авт.: Л. Нивън, О. С. Кард, А. Нортън, У. Ле Гуин, Р. Зелазни ; Други прев.: Св. Комогорова, С. Вълкова. - 3 000 тир. | ||
| 852 | _aЦб 196376 | ||
| 856 | 4 |
_qpdf _u |
|
| 856 | 4 |
_qpdf _u |
|
| 942 |
_cKNG _n0 _01 |
||
| 944 |
_aCR _c15.01.2003 _k _lCRON CRON |
||
| 944 |
_aED _c15.04.2010 _k |
||
| 999 |
_c20993 _d20993 |
||